| 000 -LEADER |
| fixed length control field |
00631nam a2200229Ia 4500 |
| 001 - CONTROL NUMBER |
| control field |
4948 |
| 003 - CONTROL NUMBER IDENTIFIER |
| control field |
GE_BSU |
| 008 - FIXED-LENGTH DATA ELEMENTS--GENERAL INFORMATION |
| fixed length control field |
181216s||||||||xx |||||||||||||| ||und|| |
| 040 ## - CATALOGING SOURCE |
| Transcribing agency |
GE_BSU |
| 080 ## - UNIVERSAL DECIMAL CLASSIFICATION NUMBER |
| Universal Decimal Classification number |
621.391(075) |
| 100 ## - MAIN ENTRY--PERSONAL NAME |
| Personal name |
Гоноровский, И.С. |
| 245 ## - TITLE STATEMENT |
| Title |
Основы радиотехники. |
| 245 ## - TITLE STATEMENT |
| Remainder of title |
Учеб. пособие. |
| 245 ## - TITLE STATEMENT |
| Statement of responsibility, etc. |
Отв.ред. А.И.Иванов-Цыганов. |
| 250 ## - EDITION STATEMENT |
| Edition statement |
изд. второе. |
| 260 ## - PUBLICATION, DISTRIBUTION, ETC. |
| Place of publication, distribution, etc. |
М. |
| 260 ## - PUBLICATION, DISTRIBUTION, ETC. |
| Name of publisher, distributor, etc. |
Связьиздат. |
| 260 ## - PUBLICATION, DISTRIBUTION, ETC. |
| Date of publication, distribution, etc. |
1957. |
| 300 ## - PHYSICAL DESCRIPTION |
| Extent |
727стр.22см. |
| 653 ## - INDEX TERM--UNCONTROLLED |
| Uncontrolled term |
Основы радиотехники |
| 942 ## - ADDED ENTRY ELEMENTS (KOHA) |
| Koha item type |
წიგნი |